000 00626nam a2200205 a 4500
001 000025946
005 20200930024155.0
008 110224s1974 sp r 000 0 spa d
020 _a8420620963
040 _aDO-SdBNP
_bspa
_cBNPHU
082 _ann*
_bnn*
100 1 _aYllera, Alicia.
_952810
245 1 0 _aEstilística, poética y semiótica literaria /
_cAlicia Yllera.
260 _aMadrid :
_bAlianza,
_c1974.
300 _a186 p. ;
_c20 cm.
490 1 _aAlianza Universidad
500 _aIncluye referencias bibliográficas y notas al pie de las páginas.
830 0 _aAlianza Universidad
_932127
049 _aBNGR
999 _c25438
_d25438